Trashumancia, Espacio para Poesía y Arte : mayo-agosto 1994 /
Contiene obra de: Lauro Zavala, José Ramos, Arturo Suárez, Alejandro Rossi, León Plascencia Ñol, Armando Chong, Jacques Prévert, Galway Kinell, Silvia Eugenia Castillero, Alejandro Ramírez Hernández, Bruno de Howard, Carlos Adolfo Gutiérrez Vidal, Diego Velasco, Enoé Eréndira, Gonzalo Isidro Bruno,...
I tiakina i:
| Ētahi atu kaituhi: | , |
|---|---|
| Hōputu: | Pukapuka |
| Reo: | Pāniora |
| I whakaputaina: |
Guadalajara, México :
Trashumancia,
1994
|
| Ngā marau: | |
| Ngā Tūtohu: |
Kāore He Tūtohu, Me noho koe te mea tuatahi ki te tūtohu i tēnei pūkete!
|
MARC
| LEADER | 00000nam^a2200000^a^4500 | ||
|---|---|---|---|
| 001 | 000316789 | ||
| 005 | 20250521000000.0 | ||
| 008 | 111124 1994 | ||
| 009 | 20260310113324.001 | ||
| 037 | |a Acervo ITESO - Biblioteca | ||
| 041 | |a ESP | ||
| 082 | |a 805. |b TRA V. 19-20 | ||
| 240 | 1 | 1 | |a [Trashumancia, Espacio para Poesía y Arte] |
| 245 | 0 | 0 | |a Trashumancia, Espacio para Poesía y Arte : |b mayo-agosto 1994 / |c Dir. de J.O. Ocaranza ; subdir. de J. Orendain. |
| 264 | 1 | |a Guadalajara, México : |b Trashumancia, |c 1994 | |
| 300 | |a 100 p. | ||
| 336 | |a texto |b txt |2 rdacontenido | ||
| 337 | |a sin mediación |b n |2 rdamedio | ||
| 338 | |a volumen |b nc |2 rdasoporte | ||
| 520 | |a Contiene obra de: Lauro Zavala, José Ramos, Arturo Suárez, Alejandro Rossi, León Plascencia Ñol, Armando Chong, Jacques Prévert, Galway Kinell, Silvia Eugenia Castillero, Alejandro Ramírez Hernández, Bruno de Howard, Carlos Adolfo Gutiérrez Vidal, Diego Velasco, Enoé Eréndira, Gonzalo Isidro Bruno, Ramón Gil Olivo, Rolando Revagliatti, Adolfo Ruiseñor, Alejandro Riestra, Ambar Past, Blanca Margarita López Alegría, Efraín Bartolomé, Gustavo Ruiz Pascacio, José Falconi, Luciano Villarreal, Marisa Trejo, Rubén de Leo, Uberto Santos, Ubel Vázquez, Alejandro González, Andrés Echeverri, Angel Ortuño, Angélica Martínez, Antonio López Mijares, Arturo Chavoya, Diego Velasco, Fernando Bedolla, Gloria Velázquez, Felipe Ponce, Irving Ramírez, Javier Ramírez, Juan Manuel Roca, José Orpi, Karla Santodomingo, Liliana Quirarte, Luis Armenta Malpica, Marcela Saiffe, Marisa Salazar, Ramón Fernández-Larrea, Rodolfo Orozco, Teresa Riggen, Verónica Melgoza y Yong-Tae Min. | ||
| 586 | |a Premio Nacional de Ciencias y Artes, categoría Lingüística y Literatura (50°: 1999) | ||
| 649 | |a XX | ||
| 650 | |a Escritores Mexicanos - |x Entrevistas | ||
| 650 | |a Poesía Mexicana | ||
| 650 | |a Poesía Francesa | ||
| 650 | |a Poesía Norteamericana | ||
| 650 | |a Cuentos Mexicanos | ||
| 650 | |a Ensayos Mexicanos | ||
| 650 | |a Literatura Mexicana - |y Siglo XX | ||
| 650 | |a Literatura Francesa - |y Siglo XX | ||
| 650 | |a Literatura Norteamericana - |y Siglo XX | ||
| 650 | |a Literatura Mexicana - |x Historia y Crítica | ||
| 650 | |a Literatura - |x Tema Principal | ||
| 650 | |a Literatura - |x Publicaciones Periódicas Jaliscienses | ||
| 650 | |a Literatura - |x Publicaciones Periódicas Mexicanas | ||
| 650 | |a Castillero, Silvia Eugenia | ||
| 650 | |a Castillo, Ricardo | ||
| 650 | |a Gabrieli, Giovanni | ||
| 650 | |a Keaton, Buster | ||
| 700 | |a Ocaranza, Jorge Octavio |e (dirección) | ||
| 700 | |a Orendain, Jorge |e (coordinación) | ||
| 910 | |a Fondo General | ||
| 920 | |a Impresos - Libros | ||
| 930 | |a Colección General | ||
| 905 | |a 101 | ||
| 901 | |a 0500203572 |b IT2 |c FOL |i D54077 |u 20250521 | ||
| 902 | |a https://opac.biblio.iteso.mx/vufind/Record/000316789 | ||